[Event "AUT-chT2O 1819"]
[Site "Austria"]
[Date "2019.03.09"]
[Round "8.3"]
[White "Hajek, Oskar"]
[Black "Prochaska, Juergen"]
[Result "1-0"]
[WhiteElo "2147"]
[BlackElo "1882"]
[PlyCount "91"]
[EventDate "2018.10.06"]
[EventType "team-tourn"]
[EventRounds "11"]
[EventCountry "AUT"]
[SourceTitle "CBM 189 Extra"]
[Source "ChessBase"]
[SourceDate "2019.06.03"]
[SourceVersion "1"]
[SourceVersionDate "2019.06.03"]
[SourceQuality "1"]
[WhiteTeam "Mistelbach/Altlichtenwarth"]
[BlackTeam "Oberwart DeLaVie"]
[WhiteTeamCountry "AUT"]
[BlackTeamCountry "AUT"]

1. e4 c5 2. Nf3 d6 3. c3 Nf6 4. h3 Nc6 5. Bd3 e5 6. Bc2 g6 7. 0-0 Bg7 8. d4 0-0 9. Be3 b6 10. Na3 Bb7 11. Re1 cxd4 12. cxd4 Nb4 13. d5 Nxc2 14. Qxc2 Qd7 15. Rac1 Rfc8 16. Qd3 Rxc1 17. Rxc1 Rc8 18. Rxc8+ Qxc8 19. Nb5 Ba6 20. Nxd6 Bxd3 21. Nxc8 Bxe4 22. d6 Bb7 23. Ne7+ Kf8 24. Nxe5 Nd5 25. N7c6 Bxc6 26. Nxc6 Ke8 27. Nxa7 Nxe3 28. fxe3 Bxb2 29. Nc8 b5 30. Nb6 Be5 31. d7+ Kd8 32. Kf2 Bc7 33. Nd5 h5 34. Nc3 b4 35. Nd5 Bd6 36. Ke2 Kxd7 37. Kd3 f5 38. Kc4 Ke6 39. Nxb4 Ke5 40. a4 Ke4 41. a5 Bc7 42. a6 Bb6 43. Nd5 Ba7 44. h4 Ke5 45. Ne7 Bxe3 46. Nc8 1-0

[Event "EU-chT Seniors"]
[Site "Vienna"]
[Date "2015.07.14"]
[Round "3.14"]
[White "Prochaska, Juergen"]
[Black "Cooper, John G1111"]
[Result "1/2-1/2"]
[WhiteElo "1973"]
[BlackElo "1987"]
[PlyCount "35"]
[EventDate "2015.07.12"]
[EventType "team-swiss"]
[EventRounds "9"]
[EventCountry "AUT"]
[SourceTitle "EXT 2018"]
[Source "ChessBase"]
[SourceDate "2017.10.13"]
[SourceVersion "1"]
[SourceVersionDate "2017.10.13"]
[SourceQuality "1"]
[WhiteTeam "Austria II"]
[BlackTeam "England II"]
[WhiteTeamCountry "AUT"]
[BlackTeamCountry "ENG"]

1. e4 c5 2. Nf3 e6 3. d4 cxd4 4. Nxd4 Nc6 5. Be2 Nf6 6. Nc3 Bb4 7. Nxc6 bxc6 8. Bd2 d5 9. exd5 cxd5 10. 0-0 0-0 11. Bg5 h6 12. Bh4 g5 13. Bg3 Bxc3 14. bxc3 Ne4 15. Bd3 f5 16. Be5 Qe7 17. f4 g4 18. Bxe4 1/2-1/2

[Event "EU-chT Seniors"]
[Site "Vienna"]
[Date "2015.07.12"]
[Round "1.21"]
[White "Prochaska, Juergen"]
[Black "Schueppen, Heinrich"]
[Result "1/2-1/2"]
[WhiteElo "1973"]
[BlackElo "1836"]
[PlyCount "38"]
[EventDate "2015.07.12"]
[EventType "team-swiss"]
[EventRounds "9"]
[EventCountry "AUT"]
[SourceTitle "EXT 2018"]
[Source "ChessBase"]
[SourceDate "2017.10.13"]
[SourceVersion "1"]
[SourceVersionDate "2017.10.13"]
[SourceQuality "1"]
[WhiteTeam "Austria II"]
[BlackTeam "DSW DBAG III"]
[WhiteTeamCountry "AUT"]
[BlackTeamCountry "GER"]

1. e4 e6 2. d4 d5 3. Nd2 c5 4. e5 Qb6 5. Ngf3 Nc6 6. c3 Bd7 7. Qb3 cxd4 8. Qxb6 axb6 9. cxd4 Nb4 10. Kd1 Rxa2 11. Rxa2 Nxa2 12. b3 Nxc1 13. Kxc1 Bb4 14. Bd3 Ne7 15. Kb2 0-0 16. Rc1 Rc8 17. Rxc8+ Nxc8 18. Nb1 Na7 19. Na3 g6 1/2-1/2

[Event "Bratislava op"]
[Site "Bratislava"]
[Date "1995.??.??"]
[Round "8"]
[White "Prochaska, Juergen"]
[Black "Strelicka, Jan"]
[Result "0-1"]
[WhiteElo "1940"]
[BlackElo "1685"]
[PlyCount "42"]
[EventDate "1995.??.??"]
[EventType "swiss"]
[EventRounds "9"]
[EventCountry "SVK"]
[SourceTitle "EXT 1997"]
[Source "ChessBase"]
[SourceDate "1996.11.15"]
[SourceVersion "1"]
[SourceVersionDate "1996.11.15"]
[SourceQuality "1"]

1. c4 c5 2. Nc3 Nf6 3. g3 g6 4. Bg2 Bg7 5. Nf3 d6 6. d4 cxd4 7. Nxd4 0-0 8. 0-0 Nbd7 9. e4 Ne5 10. b3 Bd7 11. h3 Nc6 12. Be3 Qa5 13. Rc1 Qe5 14. f4 Qh5 15. e5 dxe5 16. Nxc6 bxc6 17. g4 Bxg4 18. hxg4 Nxg4 19. Rf3 exf4 20. Bxf4 Rad8 21. Rd3 Qc5+ 0-1